Constitutional Issues Involved in the Imposition of Fiduciary Activity Restrictions and Liability on State and Local Governments with Regard to Their Pension Plans.

Discusses constitutionality of provisions of H.R. 14138, to impose fiduciary activity restrictions and responsibilities on State and local governments with regard to their own pension plans and to impose liability on such governments and certain employees for damages if provisions are violated.

Bibliographic Details
Corporate Authors: Library of Congress. Congressional Research Service, ProQuest (Firm)
Format: eBook
Language:English
Published: [Place of publication not identified] : [publisher not identified], 1979-1980.
Series:U.S. Congressional Research.
Subjects:
Online Access:Connect to the full text of this electronic book

MARC

Tag First Indicator Second Indicator Subfields
LEADER 00000cam a22000001a 4500
001 in00003351981
006 m d f
007 cr bn mmmapmmp
008 100609m19791980dcu o f000 0 eng d
005 20260430150545.6
035 |a cis2007876083 
040 |a ProQuest  |c ProQuest  |d UtOrBLW 
043 |a n-us--- 
099 |a CRS-1978-AML-0059 
110 2 |a Library of Congress.  |b Congressional Research Service. 
245 1 0 |a Constitutional Issues Involved in the Imposition of Fiduciary Activity Restrictions and Liability on State and Local Governments with Regard to Their Pension Plans. 
264 1 |a [Place of publication not identified] :  |b [publisher not identified],  |c 1979-1980. 
300 |a 1 online resource. 
336 |a text  |b txt  |2 rdacontent 
337 |a computer  |b c  |2 rdamedia 
338 |a online resource  |b cr  |2 rdacarrier 
500 |a Record is based on bibliographic data in ProQuest U.S. Congressional Research Digital Collection (last viewed June 2010). Reuse except for individual research requires license from ProQuest, LLC. 
500 |a CRS Report. 
520 |a Discusses constitutionality of provisions of H.R. 14138, to impose fiduciary activity restrictions and responsibilities on State and local governments with regard to their own pension plans and to impose liability on such governments and certain employees for damages if provisions are violated. 
500 |a Electronic resource. 
650 0 |a Constitutional law. 
650 0 |a Federal government. 
650 0 |a Local government. 
655 7 |a Electronic books.  |2 local 
710 2 |a ProQuest (Firm) 
776 0 8 |i Microfiche version:   |a Library of Congress. Congressional Research Service.  |t Constitutional Issues Involved in the Imposition of Fiduciary Activity Restrictions and Liability on State and Local Governments with Regard to Their Pension Plans 
830 0 |a U.S. Congressional Research. 
856 4 0 |u http://proxy.library.tamu.edu/login?url=https://congressional.proquest.com/congcomp/getdoc?CRDC-ID=CRS-1978-AML-0059  |z Connect to the full text of this electronic book  |t 0 
999 |a MARS 
999 f f |s e79e17ab-2e47-390b-b5e4-a79ed4316b82  |i 80c3c036-2045-3a7b-8544-a32fdd1563e0  |t 0 
952 f f |a Texas A&M University  |b College Station  |c Electronic Resources  |s www_evans  |d Available Online  |t 0  |e CRS-1978-AML-0059  |h Other scheme 
998 f f |a CRS-1978-AML-0059  |t 0  |l Available Online